<?xml version="1.0" encoding="UTF-8"?>
<collection xmlns="http://www.loc.gov/MARC21/slim">
  <record>
    <leader>00000nam  2200000   4500</leader>
    <controlfield tag="001">INLIS000000000002715</controlfield>
    <controlfield tag="005">20180724150321</controlfield>
    <controlfield tag="008">180724|||||||||   |   |||   |||| ||   | </controlfield>
    <datafield tag="035" ind1=" " ind2=" ">
      <subfield code="0">010-0718002715</subfield>
    </datafield>
    <datafield tag="041" ind1=" " ind2=" ">
      <subfield code="a">id</subfield>
    </datafield>
    <datafield tag="082" ind1=" " ind2=" ">
      <subfield code="a">R. 069</subfield>
    </datafield>
    <datafield tag="090" ind1=" " ind2=" ">
      <subfield code="a">R. 069 PIM I Angkatan XXXVII 2017</subfield>
    </datafield>
    <datafield tag="100" ind1=" " ind2=" ">
      <subfield code="a">Harjaka, Yunan</subfield>
    </datafield>
    <datafield tag="245" ind1=" " ind2=" ">
      <subfield code="a">Sinergitas Antara Kejaksaan Tinggi Kepri Dan Pemerintah Provinsi Kepri Dalam Rangka Mencegah Korupsi Melalui TP4D (Tim Pengawal Dan Pengaman Pemerintah Dan Pembangunan Daerah)</subfield>
    </datafield>
    <datafield tag="260" ind1=" " ind2=" ">
      <subfield code="a">Jakarta</subfield>
      <subfield code="b">LAN Jakarta</subfield>
      <subfield code="c">2017</subfield>
    </datafield>
    <datafield tag="300" ind1=" " ind2=" ">
      <subfield code="a">v; 50 hlm.; Lamp.; 30 cm</subfield>
    </datafield>
    <datafield tag="500" ind1=" " ind2=" ">
      <subfield code="a">Urgensi terhadap Rancangan Peraturan Daerah Provinsi Kepulauan Riau tentang Pedoman Pelaksanaan Konsultasi dan Supervisi dalam rangka pencegahan korupsi di provinsi Kepulauan Riau melalui Tim Pengawal dan Pengaman Pemerintahan dan Pembangunan Daerah menjadi sangat penting.  Dengan demikian diharapkan Rancangan Peraturan Daerah Provinsi Kepulauan Riau tentang Pedoman Pelaksanaan Konsultasi dan Supervisi dalam rangka pencegahan korupsi di provinsi Kepulauan Riau melalui tim Pengawal dan Pengaman Pemerintahan dan Pembangunan Daerah ini dapat dilakukan pembahasan dan selanjutnya ditetapkan sebagai Peraturan Daerah Provinsi Kepulauan Riau pada tahun 2017.</subfield>
    </datafield>
    <datafield tag="650" ind1=" " ind2=" ">
      <subfield code="a">Mencegah Korupsi</subfield>
    </datafield>
  </record>
</collection>
